00922nab a2200205 uc450000100070000000500170000700800410002403500110006503500210007604000130009704100080011010000450011824501300016365000260029365000410031965000340036077302930039494200100068799900190069769508320240201164344.0010927e19990816 spa  a695083 a(OCoLC)819917658 ccomduadb aspa10aHaberland, Christel M.4auteaut934700810aPatrones de remision, prevalencia de lesiones y parametros de atencion del paciente en una practica de patologia clinica oral aPatologia oral921727 aBoca - Heridas, lesiones, etc921880 aPrácticas clínicas9205670 tOral Surgery, Oral Medicine, Oral Pathology, Oral Radiology, Endodontics : Edición en Español (St. Louis, MO)gVol. 01, No. 01, Ago. 1999/Oral Surgery, Oral Medicine, Oral Pathology, Oral Radiology, Endodontics : Edicion en Espanol (St. Louis, MO), p. 59-64w678954x1079-21040205451 cARIMP c214592d214592